000 00951nam a22003017a 4500
003 CHAP
005 20220329140451.0
008 971013s1962 r 00010 d
010 _a52387
011 _a53359
035 _a57509
040 _cCHAP
082 _a540.3
_bR6
100 0 0 _aRompp, Hermann.
_999770
245 _aChemie Lexikon. 5 anfl.
260 _aStuttgart :
_bFranck'sche Verlagshandlung,
_c1962
300 _a3 v.
590 _aBATCH-UPD
_b10
_c20130110
_lUCH01
_h0750
590 _aBATCH-UPD
_b10
_c20130410
_lUCH01
_h0431
590 _aBATCH-UPD
_b10
_c20130914
_lUCH01
_h1950
590 _aCONVERSION
_b10
_c20130109
_lUCH01
_h1328
650 1 4 _aQuĂ­mica
_xDiccionarios.
_993558
901 _aBK
942 _cLIBRO
949 _a540.3 R6
_bBC
_cC
_d33724000533923
_eC
_fv.3
_h10599
_i57509
_si
949 _a540.3 R6
_bBC
_cC
_d33724000534038
_eC
_fv.2
_h10528
_i57509
_si
949 _a540.3 R6
_bBC
_cC
_d33724000534046
_eC
_fv.1
_h10527
_i57509
_si
999 _c52387
_d52387